[Event "SUI-chT"]
[Site "SUI"]
[Date "1996.??.??"]
[Round "7"]
[White "Preiss, Martin"]
[Black "Uhlmann, Felix"]
[Result "1/2-1/2"]
[WhiteElo "2270"]
[BlackElo "2160"]

1.c4 e5 2.g3 Nc6 3.Bg2 g6 4.Nc3 Bg7 5.Nf3 d6 6.d3 Nge7 7.O-O O-O 8.Rb1 a5
9.a3 Be6 10.b4 axb4 11.axb4 Qc8 12.b5 Nd8 13.Bb2 f5 14.Qb3 Kh8 15.Nd5 Nxd5
16.cxd5 Bg8 17.Nd2 Qd7 18.f4 b6 19.Qc4 Nb7 20.Nb3 Na5 21.Nxa5 Rxa5  1/2-1/2

[Event "SUI-chT"]
[Site "SUI"]
[Date "1996.??.??"]
[Round "7"]
[White "Wirthensohn, Heinz"]
[Black "Klauser, Markus"]
[Result "0-1"]
[WhiteElo "2415"]
[BlackElo "2375"]

1.c4 e5 2.g3 Nf6 3.Bg2 Nc6 4.Nc3 Bb4 5.Nd5 Bc5 6.e3 O-O 7.Ne2 a6 8.O-O d6
9.b3 Ba7 10.Bb2 Nxd5 11.cxd5 Ne7 12.d4 f6 13.Rc1 Bg4 14.h3 Bh5 15.Qd2 Bg6
16.Kh2 Rc8 17.a4 c5 18.dxe5 dxe5 19.Rfd1 Qd6 20.a5 Rfd8 21.Qc3 Nf5 22.h4 Bh5
23.Rd2 Nh6 24.f3 e4 25.Rf1 exf3 26.Bxf3 Bxf3 27.Rxf3 Ng4+ 28.Kg2 Ne5 29.Rf1 c4
30.e4 Bc5 31.Rdd1 Bb4 32.Qe3 Bxa5 33.Bd4 Bb4 34.Nf4 Re8 35.Ne6 c3 36.Rc1 c2
37.Bb2 Rxe6 38.dxe6 Nd3 39.Bxf6 gxf6 40.Rxf6 Nxc1 41.Qg5+ Kh8 42.Qf5 Rg8
43.g4 Qd2+ 44.Kh3 Qe3+ 45.Kg2 Ne2  0-1

[Event "SVK-chT9596"]
[Site "?"]
[Date "1996.??.??"]
[Round "1"]
[White "Dudas, Jan"]
[Black "Polak, Tomas"]
[Result "1/2-1/2"]
[WhiteElo "2305"]
[BlackElo "2440"]

1.c4 e5 2.g3 Nc6 3.Bg2 Nf6 4.Nc3 Bb4 5.Nd5 Bc5 6.d3 h6 7.e3 d6 8.Ne2 O-O
9.O-O Re8 10.a3 a5 11.Rb1 Ba7 12.b4 axb4 13.axb4 Nxd5 14.cxd5 Ne7 15.Ra1 Bf5
16.Nc3 Qd7 17.Bb2 Bb6 18.Qc2 Bh3 19.Rxa8 Rxa8 20.Ra1 Rf8 21.Qa4 Qc8 22.Qb5 Bxg2
23.Kxg2 f5 24.Na4 f4 25.Nxb6 cxb6 26.exf4 Qc2 27.Bc1 Qc3 28.Rb1 Qc2 29.Ra1 Ng6
30.Qc4 Qxc4 31.dxc4 exf4  1/2-1/2

[Event "SWE-chT 9596"]
[Site "?"]
[Date "1996.??.??"]
[Round "?"]
[White "Karlsson, Lars"]
[Black "Astrom, Goran"]
[Result "1-0"]
[WhiteElo "2465"]
[BlackElo "2300"]

1.c4 e5 2.g3 Nf6 3.Bg2 d5 4.cxd5 Nxd5 5.Nc3 Nb6 6.Nf3 Nc6 7.O-O Be7 8.a3 a5
9.d3 O-O 10.Be3 Be6 11.Rc1 Nd5 12.Nxd5 Bxd5 13.Qa4 Bd6 14.Bc5 Ne7 15.e4 Be6
16.d4 Bxc5 17.Rxc5 exd4 18.Nxd4 Bd7 19.Qc2 c6 20.Rd1 Qb6 21.h3 Rfd8 22.Rc3 Bg4
23.hxg4 Rxd4 24.Rxd4 Qxd4 25.Rd3 Qb6 26.Kh2 Ng6 27.f4 Rd8 28.Qb3 Qxb3 29.Rxb3 Rd7
30.g5 Kf8 31.Rb6 Ke7 32.Bh3 Rc7 33.Kg2 Kd6 34.Kf3 Nf8 35.e5+ Kc5 36.Rb3 b5
37.Rd3 a4 38.Ke4 Ne6 39.Bxe6 fxe6 40.Rd6 Re7 41.Kd3 g6 42.Kc3 Re8 43.Rd7 Rh8
44.Rd6 Re8 45.Kd3 Re7 46.Ke4 Kc4 47.Rd3 Kc5 48.g4 Rf7 49.Rd6 Re7 50.Rd3 Rf7
51.Rc3+ Kb6 52.Rc2 Rf8 53.Rf2 Kc5 54.Rc2+ Kb6 55.Rd2 Rf7 56.Rd6 Re7 57.f5 gxf5+
58.gxf5 exf5+ 59.Kxf5 Rf7+ 60.Ke6 Rg7 61.Kf6 Rg6+ 62.Kf5 Rg8 63.e6 Rf8+ 64.Ke5 Rf2
65.e7 Re2+ 66.Kf6  1-0

[Event "SWE-chT 9596"]
[Site "?"]
[Date "1996.??.??"]
[Round "?"]
[White "Andreasson, Ingvar"]
[Black "Renman, Nils Gustaf"]
[Result "1/2-1/2"]
[WhiteElo "2355"]
[BlackElo "2375"]

1.g3 e5 2.c4 d6 3.Nc3 f5 4.d4 Nf6 5.dxe5 dxe5 6.Qxd8+ Kxd8 7.Nf3 Bd6 8.c5 Bxc5
9.Nxe5 Ke7 10.Bg2 c6 11.O-O Nbd7 12.Nd3 Bd6 13.Bf4 Bxf4 14.gxf4 Nb6 15.b4 Be6
16.Nc5 Rab8 17.Rfc1 Bc4 18.a4 a6 19.Nd1 Bxe2 20.Ne3 Kf7 21.Re1 Bh5 22.Nxf5 Nbd5
23.Nd6+ Kg6 24.Re6 Nxf4 25.Be4+ Kh6 26.Nf5+ Kg5 27.h4+ Kg6 28.Nd6+ Kh6 29.Nf5+ Kg6
30.Nd7 h6 31.Ne5+ Kh7 32.Re7 Rhg8 33.Bc2 Kh8 34.Ng3 Be8 35.Re1 N6d5 36.Nf7+ Bxf7
37.Rxf7 Nxb4 38.Bb1 Rge8 39.Rxe8+ Rxe8 40.Kh2 Nbd5 41.Rxb7 g6 42.Ra7 Re1
43.Be4 Ne2 44.Bxg6 Nxg3 45.fxg3 Re2+ 46.Kh3 Re6 47.h5 Ne7 48.Rxa6 Nxg6 49.hxg6 Kg7
50.Rb6 Re4 51.a5 Ra4 52.Ra6 c5 53.g4 c4 54.Rc6  1/2-1/2

[Event "GEO-ch"]
[Site "Tbilisi"]
[Date "1996.??.??"]
[Round "?"]
[White "Tabatadze, Tamaz"]
[Black "Dgebuadze, Alexandre"]
[Result "0-1"]
[WhiteElo "2450"]
[BlackElo "2470"]

1.c4 e5 2.g3 Nc6 3.Bg2 g6 4.Nc3 Bg7 5.Rb1 d6 6.b4 Nge7 7.b5 Nd4 8.e3 Ne6
9.Nge2 O-O 10.O-O f5 11.Nd5 g5 12.d3 Ng6 13.f4 gxf4 14.gxf4 Nh4 15.Bh1 Bd7
16.Nb4 Rb8 17.Bb2 Kh8 18.Ng3 c6 19.bxc6 bxc6 20.Qd2 exf4 21.Bxg7+ Kxg7 22.Nh5+ Kh6
23.Nxf4 Nxf4 24.exf4 Qb6+ 25.d4 a5 26.Rb3 Rg8+ 27.Kf2 axb4 28.Re3 Qd8 29.d5 c5
30.Qb2 Rg4 31.Bf3 Rxf4 32.Rg1 Qh8 33.Qd2 Qd4 34.Qxd4 Rxd4 35.Be2 Re4  0-1

[Event "Czerniak mem"]
[Site "Tel Aviv"]
[Date "1996.??.??"]
[Round "8"]
[White "Zifroni, Dov"]
[Black "Krays, Alexander"]
[Result "0-1"]
[WhiteElo "2455"]
[BlackElo "2440"]

1.c4 e5 2.g3 Nf6 3.Bg2 Nc6 4.Nc3 Bb4 5.Nd5 Bc5 6.Nf3 O-O 7.O-O Re8 8.e3 e4
9.Ne1 Nxd5 10.cxd5 Nb4 11.f3 f5 12.fxe4 fxe4 13.Qb3 Bd6 14.a3 Na6 15.Qc2 Qe7
16.d3 Nc5 17.d4 Na6 18.b4 b5 19.Qe2 Rb8 20.Nd3 exd3 21.Qxd3 Qg5 22.e4 Qg6
23.Bd2 Bb7 24.Rf5 Be7 25.Qxb5 c6 26.dxc6 Qxc6 27.Qd3 Qb6 28.Raf1 Rf8 29.Be3 d5
30.exd5 Nc7 31.Be4 g6 32.Rxf8+ Rxf8 33.Rxf8+ Bxf8 34.d6 Bxe4 35.Qxe4 Qxd6
36.Bf4 Qd7 37.Bxc7 Qxc7 38.d5 Qf7 39.Kg2 Bd6 40.Qd4 h5 41.a4 Qe7 42.b5 Qe2+
43.Qf2 Qxf2+ 44.Kxf2 Kf7 45.Kf3 Kf6 46.Ke4 Bc7 47.Kd4 Bb6+ 48.Ke4 g5 49.h3 Bc7
50.g4 hxg4 51.hxg4 Bb6 52.d6 Ke6 53.d7 Bd8 54.Kd4 Kxd7 55.Ke5 Ba5 56.Kd5 Kc7  0-1

[Event "CZE-ch"]
[Site "Turnov"]
[Date "1996.??.??"]
[Round "1"]
[White "Nedela, Vlastimil"]
[Black "Mokry, Karel"]
[Result "0-1"]
[WhiteElo "2445"]
[BlackElo "2505"]

1.c4 e5 2.g3 d6 3.Bg2 Nc6 4.Nc3 g6 5.e4 Nd4 6.Nge2 Nxe2 7.Qxe2 Bg7 8.O-O Ne7
9.d3 O-O 10.f4 c6 11.Be3 Be6 12.Rad1 exf4 13.Bxf4 Qd7 14.d4 d5 15.cxd5 cxd5
16.e5 h6 17.h4 a6 18.Qd2 Kh7 19.Qc2 Rac8 20.Qb3 Rc4 21.Rf2 Nf5 22.Rfd2 Rfc8
23.Bf1 R4c6 24.a4 Qe7 25.Nxd5 Qd7 26.Nf6+ Bxf6 27.d5 Bg7 28.dxc6 Qxc6 29.Qa3 Bf8
30.Qa1 Bb4 31.Rd3 Qe4 32.Bg2 Qe2 33.Bf3 Qc2 34.Rd8 Bc5+ 35.Kh1 Rxd8 36.Rxd8 Qf2
37.Qd1 Nxg3+ 38.Bxg3 Qxg3 39.Qe2 Qxh4+ 40.Kg2 Qxd8 41.Qc2 Qe7  0-1

[Event "Ubeda op"]
[Site "Ubeda"]
[Date "1996.??.??"]
[Round "?"]
[White "Ragozin, Evgeni"]
[Black "Anastasian, Ashot"]
[Result "0-1"]
[WhiteElo "2475"]
[BlackElo "2520"]

1.c4 e5 2.g3 Nc6 3.Bg2 g6 4.Nc3 Bg7 5.d3 Nf6 6.e3 O-O 7.Nge2 d6 8.O-O Be6
9.Nd5 Qd7 10.e4 Nh5 11.Rb1 a5 12.b3 f5 13.exf5 Bxf5 14.f3 Be6 15.Nec3 Nd4
16.b4 axb4 17.Rxb4 b6 18.Bd2 Rf7 19.a4 h6 20.Nb5 Nxb5 21.axb5 Raf8 22.Rb1 Bxd5
23.cxd5 Kh7 24.Rb4 Nf6 25.Qb3 h5 26.Rh4 Ng8 27.Bh3 Qd8 28.Kg2 Bh6 29.Qd1 Bxd2
30.Qxd2 Ne7 31.Be6 Nf5 32.Rc4 Rg7 33.Bxf5 Rxf5 34.Qe2 Qa8 35.Qe4 Qa5 36.Rfc1 Rff7
37.Rb4 Qa2+ 38.Kg1 Qd2 39.Rbc4 Qb2 40.Rc6 Qxb5 41.Kg2 Qa5 42.R6c2 Qa8 43.Kg1 Qd8
44.Kg2 Rf5 45.Ra1 Rgf7 46.Ra7 Qb8 47.Rca2 Qe8 48.Rc2 c5 49.Rca2 Rxa7 50.Rxa7+ Rf7
51.Ra2 Qb8 52.Rf2 b5 53.Qh4 Qb7 54.Qe4 Qa8 55.Rb2 b4 56.Rf2 Qa1 57.Qc4 Qd4
58.Qb3 g5 59.Re2 g4 60.fxg4 hxg4  0-1

[Event "Paks GM"]
[Site "Ungarn"]
[Date "1996.??.??"]
[Round "?"]
[White "Horvath, Jozsef"]
[Black "Weteschnik, Martin"]
[Result "1-0"]
[WhiteElo "2505"]
[BlackElo "2020"]

1.c4 e5 2.g3 c6 3.Bg2 d5 4.cxd5 cxd5 5.d4 exd4 6.Nf3 Bb4+ 7.Nbd2 d3 8.e3 Nc6
9.O-O Nf6 10.a3 Bxd2 11.Bxd2 Bf5 12.Bc3 O-O 13.Nh4 Be4 14.f3 d4 15.exd4 Bd5
16.Qxd3 g6 17.Bh3 Nh5 18.Ng2 f5 19.Rae1 Qd6 20.Ne3 Rae8 21.Qb5 Bf7 22.d5 a6
23.Qb6 f4 24.Ng4 g5 25.dxc6 fxg3 26.hxg3 Bd5  1-0

[Event "Paks GM"]
[Site "Ungarn"]
[Date "1996.??.??"]
[Round "?"]
[White "Csom, Istvan"]
[Black "Ruck, Robert"]
[Result "1/2-1/2"]
[WhiteElo "2430"]
[BlackElo "2455"]

1.c4 e5 2.g3 Nf6 3.Bg2 d5 4.cxd5 Nxd5 5.b3 Be7 6.Bb2 Bf6 7.Nc3 Nxc3 8.dxc3 O-O
9.Qc2 Qe7 10.e4 b6 11.Nf3 Ba6 12.Rd1 Nd7 13.Bf1 Bb7 14.Bc4 Nc5 15.Bd5 Bxd5
16.Rxd5 Rad8 17.Rxd8 Rxd8 18.Ke2 Qe6 19.Ba3 Nd3 20.Rd1 Qg4 21.Ke3 Bg5+ 22.Nxg5 Qxg5+
23.Ke2 Qh5+ 24.Ke3 Qh6+ 25.Ke2 Qh5+  1/2-1/2

[Event "Velden op"]
[Site "Velden"]
[Date "1996.??.??"]
[Round "3"]
[White "Piven, Igor"]
[Black "Posch, Werner"]
[Result "1/2-1/2"]
[WhiteElo "2385"]
[BlackElo "2185"]

1.c4 e5 2.g3 Nc6 3.Bg2 g6 4.Nc3 Bg7 5.d3 d6 6.f4 f5 7.Nf3 Nf6 8.O-O O-O 9.Kh1 Kh8
10.Be3 Be6 11.Qd2 Bg8 12.Rae1 e4 13.dxe4 fxe4 14.Nd4 Nxd4 15.Bxd4 Bxc4 16.b3 Be6
17.Nxe4 Nxe4 18.Bxe4 d5 19.Bf3 c6 20.e4 dxe4 21.Rxe4 Bd5 22.Bxg7+ Kxg7 23.Rd4 Bxf3+
24.Rxf3 Qf6 25.Rd7+ Rf7 26.Re3 Rf8 27.Rd6 Qf5 28.Kg2 Rf6 29.Rd7+ R8f7 30.Ree7 Qc5
31.Re5 Qb6 32.Rxf7+ Rxf7 33.Qc3 Qd8 34.Ra5+ Kg8 35.Rxa7 Rd7 36.Ra5 Rd2+ 37.Kh3 Qd7+
38.f5 gxf5 39.Ra8+ Kf7 40.Qc4+ Rd5 41.Qf4 Rd4 42.Qg5 f4+ 43.g4 Rd3+ 44.Kh4 Qe7
45.Qxe7+ Kxe7 46.Rh8 Kf6 47.Rxh7 Rd2 48.h3 Rxa2 49.Rxb7 Rg2 50.Rb8 Ke5 51.Rf8 Ke4
52.Kg5 f3 53.h4 f2 54.h5 Ke3 55.h6 Rh2 56.Kg6 Rh4 57.g5 Rf4 58.Rxf4 Kxf4
59.h7 f1=Q 60.h8=Q Qd3+  1/2-1/2

[Event "Vendrell op"]
[Site "Vendrell"]
[Date "1996.??.??"]
[Round "4"]
[White "Foisor, Ovidiu"]
[Black "Akopian, Vladimir"]
[Result "1/2-1/2"]
[WhiteElo "2475"]
[BlackElo "2620"]

1.c4 e5 2.g3 Nc6 3.Bg2 g6 4.Nc3 Bg7 5.Rb1 a5 6.d3 d6 7.a3 Nf6 8.Nf3 O-O 9.O-O Re8
10.Bg5 h6 11.Bxf6 Bxf6 12.b4 axb4 13.axb4 Bg7 14.b5 Ne7 15.Ne1 c6 16.Nc2 Be6
17.Nb4 Qd7 18.Qc2 f5 19.Na4 Qc7 20.bxc6 bxc6 21.c5 d5 22.e4 dxe4 23.dxe4 Rad8
24.Rfd1 Rd4 25.Rxd4 exd4 26.exf5 Bxf5 27.Qc4+ Kh7 28.Re1 Qd8 29.Qf7 Bd7 30.Nb6 Nf5
31.Rxe8 Bxe8 32.Nxc6 Bxc6 33.Bxc6 d3 34.Qd7 Qf8 35.Nd5 d2 36.Ba4 Nd4 37.c6 Qf3
38.c7 d1=Q+ 39.Bxd1 Qxd1+ 40.Kg2 Qf3+ 41.Kg1  1/2-1/2

[Event "Vendrell op"]
[Site "Vendrell"]
[Date "1996.??.??"]
[Round "5"]
[White "Suba, Mihai"]
[Black "Foisor, Ovidiu"]
[Result "1-0"]
[WhiteElo "2565"]
[BlackElo "2475"]

1.c4 e5 2.g3 c5 3.Bg2 Nc6 4.Nc3 g6 5.a3 a5 6.Qa4 Ra6 7.e3 Bg7 8.Nb5 d6 9.Ne2 Nge7
10.Nec3 O-O 11.d3 f5 12.O-O g5 13.f4 exf4 14.exf4 g4 15.Be3 Be6 16.Rfe1 Bf7
17.Bd2 Qd7 18.Rad1 Nc8 19.Qc2 N8a7 20.d4 Nxd4 21.Nxd4 cxd4 22.Nd5 Nc8 23.b4 axb4
24.axb4 Kh8 25.b5 Bxd5 26.Bxd5 Ra3 27.Qb2  1-0

[Event "Vendrell op"]
[Site "Vendrell"]
[Date "1996.??.??"]
[Round "5"]
[White "Foisor, Cristina Adela B"]
[Black "Campora, Daniel H"]
[Result "0-1"]
[WhiteElo "2370"]
[BlackElo "2540"]

1.c4 e5 2.g3 d6 3.Bg2 f5 4.Nc3 Nf6 5.d3 g6 6.e3 Bg7 7.Nge2 Nbd7 8.Rb1 a5
9.b3 O-O 10.Bb2 c6 11.Qd2 Qe7 12.O-O h5 13.Rbe1 h4 14.f4 hxg3 15.hxg3 Ng4
16.Bf3 Ndf6 17.Kg2 Bd7 18.Rh1 Rae8 19.Nd1 a4 20.Nec3 axb3 21.axb3 Qd8 22.Nf2 Nxf2
23.Qxf2 e4 24.dxe4 fxe4 25.Bd1 Bf5 26.Qd2 Qd7 27.Rh4 Kf7 28.Ba3 Rd8 29.Reh1 Rfe8
30.Be2 Bg4 31.Bxg4 Nxg4 32.Rd1 d5 33.Bc5 d4 34.exd4 e3 35.Qe2 Nf2 36.Rc1 Qf5
37.Bb6 Rd6 38.Qf3 Bxd4 39.Bc7 Rd7 40.Ne2 Bb2  0-1

[Event "Vienna op"]
[Site "Vienna"]
[Date "1996.??.??"]
[Round "4"]
[White "Hertneck, Gerald"]
[Black "Komarov, Dimitri"]
[Result "0-1"]
[WhiteElo "2565"]
[BlackElo "2595"]

1.c4 e5 2.g3 Nf6 3.Bg2 Nc6 4.Nc3 Bc5 5.e3 O-O 6.Nge2 Re8 7.d3 d6 8.O-O a6
9.a3 Ba7 10.b4 Ne7 11.d4 c6 12.Bb2 Be6 13.d5 cxd5 14.cxd5 Bf5 15.h3 Rc8 16.g4 Bg6
17.Ng3 h6 18.Rc1 Qd7 19.Re1 Bh7 20.Bf1 Rc7 21.a4 Rec8 22.a5 Ng6 23.Nf5 Ne7
24.Nxe7+ Qxe7 25.Qb3 h5 26.b5 axb5 27.Nxb5 Rxc1 28.Rxc1 Rxc1 29.Bxc1 Bc5
30.gxh5 Ne4 31.Bg2 Qh4 32.Qb2 Ng5 33.Nc3 Bf5 34.Kf1 Nxh3 35.Nd1 Qxh5 36.Ke1 Bd3
37.f3 Qh4+ 38.Kd2 Ba6 39.Kc2 Nf2 40.Nxf2 Qxf2+ 41.Kb3 Bxe3 42.Qxf2 Bxf2  0-1

[Event "Carl Schlechter mem"]
[Site "Vienna"]
[Date "1996.??.??"]
[Round "5"]
[White "Todor, Razvan"]
[Black "Havlicek, Josef"]
[Result "1/2-1/2"]
[WhiteElo "2120"]
[BlackElo "2245"]

1.c4 e5 2.g3 f5 3.Bg2 Nf6 4.Nc3 Bc5 5.d3 Nc6 6.e3 d6 7.Nge2 O-O 8.O-O a6
9.a3 Ba7 10.b4 Ne7 11.Rb1 c6 12.a4 Be6 13.b5 axb5 14.axb5 d5 15.bxc6 bxc6
16.cxd5 cxd5 17.Nb5 Rb8 18.Ba3 Qd7 19.Nxa7 Rxb1 20.Qxb1 Qxa7 21.Qb4 Ng6 22.d4 Re8
23.dxe5 Nxe5 24.Nf4 Bf7 25.Bb2 Rb8 26.Qc3 Nc4 27.Ba1 Kf8 28.Qd3 Ne4 29.Bd4 Qa2
30.Bxe4 dxe4 31.Qc3 g5 32.Bg7+ Ke8 33.Bh6 Rb1 34.Qh8+ Kd7 35.Qd4+  1/2-1/2

[Event "Vienna op"]
[Site "Vienna"]
[Date "1996.??.??"]
[Round "6"]
[White "Hertneck, Gerald"]
[Black "Gyimesi, Zoltan"]
[Result "0-1"]
[WhiteElo "2565"]
[BlackElo "2480"]

1.c4 e5 2.g3 c6 3.Bg2 d5 4.cxd5 cxd5 5.d4 exd4 6.Nf3 Bb4+ 7.Nbd2 d3 8.Qa4+ Nc6
9.exd3 Qe7+ 10.Kd1 Qf6 11.Ne5 Ne7 12.Nxc6 Nxc6 13.Bxd5 O-O 14.Bxc6 Bxd2 15.Bxd2 bxc6
16.Kc2 Rb8 17.b3 Rd8 18.Be3 c5 19.Qh4 Qd6 20.Rhd1 Rb4 21.Bf4 Qd5 22.Qe7 Be6
23.Rd2 h6 24.Be3 Rdb8 25.Bf4 Rd8 26.Qc7 Rd4 27.Qe5 Qd7 28.Kb2 c4 29.bxc4 Bxc4
30.Rc1 Be6 31.Ka1 Qa4 32.Qe2 Qa3 33.Rb2 Rxf4 34.gxf4 Bxa2 35.Rd1 Bb3+ 36.Ra2 Bxd1  0-1

[Event "Vienna op"]
[Site "Vienna"]
[Date "1996.??.??"]
[Round "7"]
[White "Almasi, Istvan"]
[Black "Schlosser, Michael"]
[Result "1-0"]
[WhiteElo "2425"]
[BlackElo "2380"]

1.c4 e5 2.g3 Nc6 3.Bg2 g6 4.Nc3 Bg7 5.e3 d6 6.Nge2 Nge7 7.O-O h5 8.h4 Bg4
9.Qa4 Qc8 10.d4 exd4 11.exd4 O-O 12.Bg5 Re8 13.Rae1 Kh7 14.Kh2 a5 15.a3 Ng8
16.c5 dxc5 17.dxc5 Ne5 18.Ng1 Bd7 19.Qd1 Ng4+ 20.Kh1 Bxc3 21.bxc3 Bb5 22.Qb3 Bxf1
23.Qxf7+ Kh8 24.Rxf1 Qf5 25.Qxf5 gxf5 26.Bxb7 Rab8 27.c6 Kg7 28.Nh3 N8f6
29.Nf4 Kf7 30.Ba6 Ne5 31.Bxf6 Kxf6 32.Nd5+ Kf7 33.Nxc7 Rh8 34.Bb7 Nxc6 35.Bxc6 Rhc8
36.Bd5+ Kf6 37.Na6 Rb6 38.c4 Rxa6 39.Bb7 Rac6 40.Bxc8 Rxc8 41.Rc1 Ke5 42.c5 Rc6
43.Kg2 Ke4 44.Kf1 Kd3 45.Ke1 Re6+ 46.Kd1 Rc6 47.Rc2 a4 48.Kc1 Ke4 49.Kd2 Kd4
50.Rc3 Rxc5 51.Rxc5 Kxc5 52.Kd3 Kd5 53.f4 Kc5 54.Kc3 Kd5 55.Kb4 Ke4 56.Kxa4 Kf3
57.Kb3  1-0

[Event "Vienna op"]
[Site "Vienna"]
[Date "1996.??.??"]
[Round "8"]
[White "Ruck, Robert"]
[Black "Dautov, Rustem"]
[Result "1/2-1/2"]
[WhiteElo "2465"]
[BlackElo "2615"]

1.c4 e5 2.g3 Nf6 3.Bg2 Nc6 4.Nc3 Bb4 5.Nd5 Bc5 6.e3 O-O 7.Ne2 a6 8.O-O d6
9.b3 Ba7 10.Bb2 Nxd5 11.cxd5 Ne7 12.d4 f6 13.Rc1 Bd7 14.Qd2 Ng6 15.Rc2 Bb6
16.h4 Qe7 17.dxe5 fxe5 18.Nc3 Bf5 19.Ne4 h6 20.Rc4 Rf7 21.Bc3 Bd7 22.a4 a5
23.Rc1 Nf8 24.Ra1 Nh7 25.b4 axb4 26.Rxb4 Nf6 27.a5 Rxa5 28.Rxa5 Bxa5 29.Rxb7 Bxc3
30.Nxc3 Bc8 31.Rb8 Rf8 32.Qc2 Ba6 33.Rxf8+ Qxf8 34.Ne4 Nxe4 35.Bxe4 Qb8 36.Bf5 Bc8
37.Bxc8 Qxc8 38.Qg6 Qd7 39.e4 c5 40.dxc6 Qxc6 41.Kg2 Qd7 42.h5 d5 43.exd5 Qxd5+
44.f3 Qd2+ 45.Kh3 Qd7+ 46.g4 Qe7 47.Kg3 Qc5 48.Qe8+ Kh7 49.Qg6+ Kh8 50.Qe8+ Kh7
51.Qg6+ Kh8 52.Qe8+ Kh7 53.Qg6+ Kh8 54.Qe8+  1/2-1/2

[Event "Siembra Villa Ballester op"]
[Site "Villa Ballester"]
[Date "1996.??.??"]
[Round "8"]
[White "Giardelli, Sergio C"]
[Black "Fucek, Claudio"]
[Result "1-0"]
[WhiteElo "2455"]
[BlackElo "2265"]

1.c4 e5 2.g3 Nf6 3.Bg2 Nc6 4.Nc3 Bc5 5.a3 a6 6.e3 O-O 7.Nge2 d6 8.O-O Ba7
9.b4 Re8 10.Bb2 Bf5 11.Nd5 Nxd5 12.cxd5 Nb8 13.f4 Bd3 14.Rf2 Qc8 15.Rc1 a5
16.Qf1 Nd7 17.Bh3 Qd8 18.Rc3 Be4 19.Bg2 Nf6 20.bxa5 Qe7 21.Rb3 Bxd5 22.Bxd5 Nxd5
23.fxe5 dxe5 24.Rxb7 Bc5 25.Nc3 Nxc3 26.Bxc3 Bxa3 27.Qc4 Bd6 28.Rf1 h5 29.a6 h4
30.gxh4 e4 31.Rf2 Qd7 32.Rg2 Be5 33.Bxe5 Rxe5 34.Rxc7 Qe6 35.Qxe6 Rxe6 36.a7 Ra6
37.Rg4 R8xa7 38.Rxa7 Rxa7 39.Rxe4 Ra2 40.Rd4 Kf8 41.Kg2 Ke7 42.Kf3 Ra1 43.Rg4 Kf6
44.Rf4+ Ke7 45.h5 Ra2 46.Ke2 Ra6 47.Rh4 Kf8 48.d4 Ke7 49.Kf3 Kf8 50.d5 Ke7
51.Rc4 Ra2 52.h4 Rh2 53.Rg4 Rh3+ 54.Kf4 Kf6 55.e4 Rh1 56.e5+ Ke7 57.Kf5 Rf1+
58.Rf4 Rd1 59.d6+ Kd7 60.h6 gxh6 61.Kf6 Re1 62.Rf5 Rh1 63.Kxf7  1-0

[Event "JUG-chT"]
[Site "Vrnjacka Banja"]
[Date "1996.??.??"]
[Round "?"]
[White "Jovic, Aleksandar"]
[Black "Djukanovic, Sreten"]
[Result "1-0"]
[WhiteElo "2375"]
[BlackElo "2270"]

1.c4 e5 2.g3 Nc6 3.Bg2 g6 4.Nc3 Bg7 5.e3 d6 6.Nge2 h5 7.h3 Nge7 8.Nd5 O-O
9.Rb1 a5 10.a3 Bf5 11.d3 Qd7 12.Nec3 Rab8 13.b4 axb4 14.axb4 Rbe8 15.b5 Nd8
16.b6 Nxd5 17.cxd5 e4 18.Nxe4 Bxe4 19.Bxe4 cxb6 20.Rxb6 Qc7 21.Rb1 f5 22.Bg2 h4
23.gxh4 f4 24.O-O fxe3 25.fxe3 Rxf1+ 26.Kxf1 Nf7 27.Kg1 Qe7 28.Rb4 Rc8 29.Bd2 Ne5
30.Re4 Qf7 31.d4 Nc4 32.Re6 Rf8 33.Be1 Bh6 34.Qd3 b5 35.Rxg6+ Bg7 36.h5 Kh8
37.Bh4  1-0

[Event "Warsaw op (Women)"]
[Site "Warsaw"]
[Date "1996.??.??"]
[Round "7"]
[White "Foisor, Cristina Adela B"]
[Black "Erneste, Inguna"]
[Result "1/2-1/2"]
[WhiteElo "2370"]
[BlackElo "2290"]

1.c4 e5 2.g3 Nf6 3.Bg2 d5 4.cxd5 Nxd5 5.Nf3 Nc6 6.O-O Be7 7.d4 exd4 8.Nxd4 Nxd4
9.Qxd4 Nf6 10.Qa4+ c6 11.Nc3 O-O 12.e4 Be6 13.h3 Qb6 14.Ne2 Bc5 15.Qc2 Nd7
16.b3 f6 17.Bb2 Ne5 18.Rac1 Be7 19.Nd4 Bd7 20.Kh2 Rad8 21.f4 Nf7 22.Nf3 Bc8
23.Rce1 Qc5 24.Qb1 a5 25.Re2 Qb5 26.Qc2 Qc5 27.Bc3 a4 28.Rc1 axb3 29.Qxb3 Qa3
30.Qb1 Qa6 31.Bf1 Qd3 32.Qxd3 Rxd3 33.Nd4 Ba3 34.Rcc2 Rd1 35.Bg2 Bc5 36.Nf3 Ba7
37.g4 Bb8 38.e5 fxe5 39.fxe5 Be6 40.Red2 Rxd2 41.Rxd2 Bd5 42.Re2 Bxf3 43.Bxf3 Bxe5+
44.Bxe5 Nxe5 45.Bd5+ cxd5 46.Rxe5 Rf2+ 47.Kg3 Rd2 48.Re7 Rxa2 49.Rxb7 Ra3+
50.Kg2 d4 51.Rd7 Rd3 52.h4 Rd1 53.g5 g6 54.Kf2 d3 55.Rd8+ Kf7 56.Rd7+ Kg8
57.Rd8+  1/2-1/2

[Event "Wattens op"]
[Site "Wattens"]
[Date "1996.??.??"]
[Round "1"]
[White "Kupfner, Franz"]
[Black "Sprenger, Wendelin"]
[Result "1-0"]
[WhiteElo "2085"]
[BlackElo "1650"]

1.c4 e5 2.g3 Nf6 3.Bg2 d5 4.cxd5 Nxd5 5.Nc3 Nb6 6.Nf3 Nc6 7.d3 Bc5 8.O-O O-O
9.a3 a5 10.b3 Be6 11.Bb2 f6 12.Ne4 Be7 13.Rc1 a4 14.b4 f5 15.Nc5 Bxc5 16.Rxc5 e4
17.dxe4 Qxd1 18.Rxd1 Bb3 19.Rdc1 Rad8 20.b5 fxe4 21.bxc6 exf3 22.Bxf3 bxc6
23.Rxc6 Bd5 24.Rxc7  1-0

[Event "Wattens op"]
[Site "Wattens"]
[Date "1996.??.??"]
[Round "3"]
[White "Kupfner, Franz"]
[Black "Haas, Rainer"]
[Result "1/2-1/2"]
[WhiteElo "2085"]
[BlackElo "1810"]

1.c4 e5 2.g3 f5 3.Bg2 Nf6 4.Nc3 Nc6 5.d3 Be7 6.e3 O-O 7.Nge2 d6 8.O-O Be6
9.Nd5 Qd7 10.Nec3 Bd8 11.Bd2 Rb8 12.Rc1 Ne7 13.f4 c6 14.Nxf6+ Rxf6 15.e4 Bb6+
16.Kh1 exf4 17.Bxf4 Rbf8 18.Qe2 Ng6 19.Bg5 R6f7 20.exf5 Bxf5 21.Rce1 h6  1/2-1/2

[Event "Owens Corning"]
[Site "Wrexham"]
[Date "1996.??.??"]
[Round "?"]
[White "Csom, Istvan"]
[Black "Sahu, Sekhar Chandra"]
[Result "1-0"]
[WhiteElo "2460"]
[BlackElo "2360"]

1.c4 e5 2.g3 c6 3.d4 d6 4.Nc3 Nf6 5.Bg2 Be7 6.Nf3 Nbd7 7.O-O a5 8.Qc2 O-O
9.b3 Re8 10.h3 Bf8 11.Be3 exd4 12.Bxd4 Qe7 13.Rfd1 Nc5 14.e3 Nce4 15.Na4 Nd7
16.Nd2 Nec5 17.Nxc5 Nxc5 18.a3 Ne6 19.Bc3 Ng5 20.Kh2 f5 21.f4 Nf7 22.Nf3 Qc7
23.Nh4 Qd7 24.Qd3 Be7 25.Nf3 Qd8 26.Ra2 Bf6 27.Re2 c5 28.a4 g6 29.Nd2 Rb8
30.Nb1 Bd7 31.Qd2 b6 32.Bxf6 Qxf6 33.Nc3 Be6 34.Rde1 h5 35.Bd5 h4 36.Rg1 hxg3+
37.Rxg3 Kf8 38.Reg2 Nh8 39.Bc6 Red8 40.Qd3 Bf7 41.Rg5 Be6 42.Qd2 Ke7 43.Nb5 Kf8
44.Bf3 Bd7 45.Nc3 Be6 46.Bd5 Re8 47.h4 Re7 48.Bf3 Rd8 49.h5 Rh7 50.Kg1 Rh6
51.Kf2 Ke7 52.Nd5+ Bxd5 53.Qxd5 Qb2+ 54.Be2 Rxh5 55.Rxh5 gxh5 56.Qxf5 Rf8
57.Qe4+ Kf6 58.Rg5 h4 59.Rf5+ Kg7 60.Qg2+ Ng6 61.Rxf8 h3 62.Rg8+  1-0

[Event "Owens Corning"]
[Site "Wrexham"]
[Date "1996.??.??"]
[Round "?"]
[White "Davies, Nigel R"]
[Black "Hartman, Christer"]
[Result "1-0"]
[WhiteElo "2500"]
[BlackElo "2370"]

1.c4 e5 2.g3 Nf6 3.Bg2 d5 4.cxd5 Nxd5 5.Nf3 Nc6 6.O-O Nb6 7.d3 Be7 8.a3 a5
9.Nc3 Be6 10.Be3 O-O 11.Rc1 f5 12.Na4 e4 13.Ne1 Nxa4 14.Qxa4 exd3 15.Nxd3 Bd5
16.Nf4 Bxg2 17.Kxg2 Qc8 18.Rfd1 Rf7 19.Nd5 Bd8 20.Bf4 Ra6 21.Rc3 g5 22.Bc1 Kg7
23.b3 Kg6 24.Bb2 Bf6 25.Nxf6 Rxf6 26.h4 h6 27.Rcd3 Rf7 28.Qc4 Qe8 29.hxg5 hxg5
30.Re3 Re7 31.Qc3 Qf7 32.Rxe7 Qxe7 33.Qh8 Qe4+ 34.Kf1 Qe7 35.f3 Rb6 36.Qg8+  1-0

[Event "Yalta op"]
[Site "Yalta"]
[Date "1996.??.??"]
[Round "7"]
[White "Efimov, Arkadij"]
[Black "Berelovich, Aleksandar"]
[Result "0-1"]
[WhiteElo "2275"]
[BlackElo "2505"]

1.g3 e5 2.c4 c6 3.Nf3 e4 4.Nd4 d5 5.cxd5 Qxd5 6.e3 Nf6 7.Nc3 Qe5 8.Bg2 Bc5
9.Nb3 Bb6 10.d4 exd3 11.Qxd3 O-O 12.O-O Na6 13.h3 Nb4 14.Qe2 Bf5 15.Rd1 Rad8
16.Nd4 Bxd4  0-1

[Event "Yerevan ol (Men)"]
[Site "Yerevan"]
[Date "1996.??.??"]
[Round "4"]
[White "Moreira, Jairo"]
[Black "Ortiz, E."]
[Result "0-1"]
[WhiteElo "2180"]
[BlackElo "2205"]

1.c4 e5 2.g3 Nc6 3.Bg2 Nf6 4.Nc3 Bb4 5.d3 Bxc3+ 6.bxc3 O-O 7.e4 d6 8.Nf3 h6
9.O-O Be6 10.Rb1 Qc8 11.Nh4 Bh3 12.Nf5 Bg4 13.Bf3 Bxf5 14.exf5 Rb8 15.g4 Re8
16.Re1 Qd7 17.h4 Nh7 18.Kg2 h5 19.Bg5 hxg4 20.Bxg4 f6 21.Bd2 Ne7 22.Qf3 d5
23.cxd5 Qxd5 24.Qxd5+ Nxd5 25.Bf3 Red8 26.Be4 Nf8 27.Kf3 Kf7 28.Rg1 Ne7 29.h5 Nd7
30.Be3 b6 31.Rb3 Rh8 32.Rh1 Rbd8 33.a4 Nb8 34.Kg4 Nbc6 35.c4 Nd4 36.Rb2 Ke8
37.Rc1 Nec6 38.c5 Kd7 39.f4 Rb8 40.fxe5 Nxe5+ 41.Kf4 bxc5 42.Rg2 Kd6 43.Bxd4 cxd4
44.Rxg7 c6 45.Rh1 Rh6 46.Rg6 Rbh8 47.Rxh6 Rxh6 48.Rh3 a5 49.Bg2 Rh8 50.Ke4 c5
51.Rh1 Rg8 52.Bf3 Rg3 53.Rf1 Rh3 54.Kf4 Rh4+ 55.Kg3 Nxf3 56.Kxf3 Rxh5 57.Kg4 Rh7
58.Rb1 c4 59.dxc4 Kc5 60.Kf3 Kxc4 61.Rb6 Kc3 62.Rc6+ Kd2 63.Rxf6 d3 64.Rd6 Kc2
65.Rc6+ Kd1 66.Rd6 d2 67.f6 Rc7 68.Kf2 Kc1  0-1